| 000 | 00511nam a22001937a 4500 | ||
|---|---|---|---|
| 003 | CEME | ||
| 005 | 20210628210007.0 | ||
| 008 | 210210b xxu||||| |||| 00| 0 eng d | ||
| 020 | _a81-7319-225-1 | ||
| 040 | _c. | ||
| 082 | _a515.7 MAT | ||
| 100 |
_aMathews, John.H Howell, Russell.W _977754 |
||
| 245 | _aComplex analysis for mathematics and engineering | ||
| 250 | _a3RD | ||
| 260 |
_aNEW DELHI _bNAROSA PUBLISHING _c1997 |
||
| 300 | _a483P | ||
| 650 |
_aMATHEMATICAL ANALYSIS _9198 |
||
| 942 |
_cBK _2ddc |
||
| 999 |
_c582970 _d582970 |
||